Toutes les villes australiennes de 1 000+ habitants sur une carte - Statistiques

Statistiques générales
  • Ce quiz a été pris 37 fois
  • Le résultat moyen est 14 sur 1034
Réponses sur la Carte
Les réponses sont colorées sur une échelle allant du rouge au vert en fonction du pourcentage des utilisateurs qui les ont devinées à leur premier essai. Vous pouvez retrouver ces pourcentages ci-dessous.
 
Statistiques - réponses
Population Ville % Correct
5,312,163 Sydney
100%
5,078,193 Melbourne
90%
2,059,484 | 2,965 Perth
90%
1,345,777 Adelaide
80%
426,704 Canberra
80%
2,514,184 Brisbane
77%
136,828 Darwin
70%
240,342 Hobart
53%
679,127 Gold Coast
47%
322,278 Newcastle
47%
23,726 Alice Springs
43%
152,729 Cairns
37%
302,739 Wollongong
27%
180,820 Townsville
23%
14,445 Broome
17%
3,325 Derby
17%
87,328 Launceston
17%
80,148 Mackay
17%
1,236 The Rock
13%
2,548 York
13%
2,406 Bright
10%
70,921 Bundaberg
10%
5,521 Byron Bay
10%
3,026 Central Coast
10%
23,046 Devonport
10%
263,280 Geelong
10%
3,504 Port Douglas
10%
14,320 Port Hedland
10%
105,471 Ballarat
7%
99,122 Bendigo
7%
3,498 Bridgewater
7%
19,385 Burnie
7%
1,762 Coober Pedy
7%
1,556 Cygnet
7%
2,486 Exmouth
7%
16,708 Karratha
7%
4,169 Latrobe
7%
18,588 Mount Isa
7%
10,900 Portland
7%
47,973 Port Macquarie
7%
1,790 Queenstown
7%
1,464 | 5,482 Richmond
7%
78,592 Rockhampton
7%
2,070 Saint Helens
7%
1,552 Sheffield
7%
136,861 Toowoomba
7%
2,084 Aberdeen
3%
1,208 Airlie Beach
3%
34,205 Albany
3%
47,974 Albury
3%
3,846 Anna Bay
3%
8,738 Ayr
3%
4,103 Berri
3%
1,197 Berridale
3%
2,667 Berry
3%
10,377 Bowen
3%
74,363 Bunbury
3%
12,566 Campbelltown
3%
3,160 Clare
3%
1,456 Clifton
3%
2,631 Cooktown
3%
12,719 Dalby
3%
2,848 Deloraine
3%
2,467 Dodges Ferry
3%
12,145 Esperance
3%
2,350 Goolwa
3%
23,835 Goulburn
3%
20,251 Griffith
3%
3,027 Home Hill
3%
1,359 Howard
3%
2,714 Huonville
3%
163,000 Ipswich
3%
1,488 Katherine
3%
10,409 Kingston
3%
5,308 Kununurra
3%
1,436 Long Beach
3%
3,920 Margate
3%
27,282 | 7,921 Maryborough
3%
32,738 Mildura
3%
1,905 | 16,629 Mount Barker
3%
29,639 Mount Gambier
3%
2,605 Narooma
3%
11,820 Nelson Bay
3%
5,432 New Norfolk
3%
6,548 Northam
3%
3,849 Penguin
3%
1,416 Peterborough
3%
15,135 Sale
3%
3,881 Smithton
3%
1,199 Snug
3%
2,907 Sorell
3%
31,908 Southport
3%
2,966 Stirling
3%
42,872 Tamworth
3%
35,214 Warrnambool
3%
4,077 Wellington
3%
2,308 Willunga
3%
6,001 Wynyard
3%
1,099 Yulara
3%
2,473 Aberdare
0%
2,337 Abermain
0%
2,210 Agnes Water
0%
1,230 Aldavilla
0%
1,152 Aldershot
0%
3,361 Aldgate
0%
2,695 Alexandra
0%
2,143 Alice River
0%
1,521 Allansford
0%
1,353 Alligator Creek
0%
1,223 Allora
0%
5,739 Alstonville
0%
1,278 Alton Downs
0%
9,419 Andergrove
0%
2,095 Angaston
0%
2,545 Anglesea
0%
2,818 Angle Vale
0%
1,598 Apollo Bay
0%
2,633 Appin
0%
8,300 Ararat
0%
1,167 Ardrossan
0%
24,504 Armidale
0%
7,331 Atherton
0%
1,109 Augusta
0%
14,539 Australind
0%
1,048 Avenel
0%
1,193 Avoca
0%
1,253 Babinda
0%
22,223 Bacchus Marsh
0%
1,563 Badger Creek
0%
1,356 Bagdad
0%
7,580 Bairnsdale
0%
1,118 Bakers Hill
0%
1,902 Balaklava
0%
1,075 Balhannah
0%
2,985 Ballan
0%
26,381 Ballina
0%
2,270 Balnarring
0%
1,343 Balranald
0%
1,164 Bamaga
0%
2,021 Bangalow
0%
5,283 Bannockburn
0%
16,167 Banora Point
0%
2,370 Baranduda
0%
1,422 Barcaldine
0%
7,485 Bargara
0%
4,393 Bargo
0%
1,518 Barham
0%
1,914 Barmera
0%
1,817 Barooga
0%
1,410 Barraba
0%
14,165 Barwon Heads
0%
1,554 Basin View
0%
1,776 Batehaven
0%
11,294 Batemans Bay
0%
36,801 Bathurst
0%
1,313 Batlow
0%
2,162 Baxter
0%
3,620 Bay View
0%
4,112 Beachmere
0%
1,298 Beaconsfield
0%
2,861 Beaconsfield Upper
0%
6,395 Beaudesert
0%
1,539 Beaufort
0%
1,222 Beauty Point
0%
3,859 Beechworth
0%
6,769 Beerwah
0%
4,668 Bega
0%
1,645 Belgrave South
0%
2,032 Bellbird
0%
3,683 Bellbrae
0%
3,779 Bellingen
0%
9,298 Benalla
0%
8,782 Bentley
0%
1,536 Bermagui
0%
1,260 Berrigan
0%
2,330 Beveridge
0%
1,163 Beverley
0%
5,758 Biloela
0%
1,183 Bindoon
0%
1,428 Bingara
0%
1,227 Binningup
0%
1,298 Birdwood
0%
1,416 Blackall
0%
4,396 Blackheath
0%
4,749 Blackwater
0%
7,451 Blaxland
0%
3,378 Blayney
0%
7,801 Bli Bli
0%
1,040 Bluewater
0%
1,668 Boambee
0%
1,198 Boddington
0%
3,060 Bogangar
0%
1,130 Boggabri
0%
3,205 Bohle Plains
0%
6,661 Bomaderry
0%
1,387 Bombala
0%
6,947 Bongaree
0%
2,971 Bonny Hills
0%
2,554 Bonville
0%
2,484 Boonah
0%
1,449 Booral
0%
1,641 Boorowa
0%
2,953 Bordertown
0%
1,085 Bouldercombe
0%
1,909 Bourke
0%
1,571 Bowen Mountain
0%
12,949 Bowral
0%
1,122 Bowraville
0%
1,217 Boyanup
0%
4,760 Boyne Island
0%
1,651 Braidwood
0%
1,094 Brandon
0%
1,991 Branxton
0%
1,143 Brewarrina
0%
1,081 Briagolong
0%
2,812 Bridgetown
0%
1,568 Bridport
0%
4,319 Broadford
0%
17,734 Broken Hill
0%
1,717 Broulee
0%
1,737 Brunswick Heads
0%
4,771 Bucasia
0%
1,027 Bucca
0%
1,424 Bulahdelah
0%
5,448 Bullsbrook
0%
2,729 Bundanoon
0%
4,178 Bungendore
0%
3,714 Buninyong
0%
2,468 Bunyip
0%
2,656 Burnett Heads
0%
1,212 Buronga
0%
6,433 Burpengary
0%
1,103 Burra
0%
2,645 Burradoo
0%
1,465 Burrill Lake
0%
2,067 Burrum Heads
0%
25,329 Busselton
0%
2,028 Buxton
0%
1,322 Bywong
0%
1,075 Cabarlah
0%
26,433 Caboolture
0%
3,438 Calliope
0%
41,293 Caloundra
0%
1,584 Cambooya
0%
3,230 Camden
0%
1,986 Camden Haven
0%
1,786 Campbells Creek
0%
3,369 Camperdown
0%
5,929 Cannington
0%
5,716 Cannonvale
0%
2,258 Canowindra
0%
1,229 Canungra
0%
2,509 Capel
0%
1,010 Capella
0%
1,309 Cardwell
0%
1,115 Carisbrook
0%
1,119 Carlton
0%
4,426 Carnarvon
0%
10,914 Casino
0%
1,668 Casterton
0%
6,757 Castlemaine
0%
2,020 Cedar Grove
0%
1,850 | 2,157 Ceduna
0%
21,725 Cessnock
0%
3,335 Charleville
0%
1,050 Charlton
0%
8,120 Charters Towers
0%
1,128 Cherbourg
0%
1,313 Chewton
0%
1,828 Chidlow
0%
1,584 Childers
0%
1,605 Chiltern
0%
6,612 Chinchilla
0%
1,566 Chinderah
0%
4,783 Churchill
0%
1,994 Clarence Town
0%
3,031 Clermont
0%
7,519 Clifton Springs
0%
2,719 Cloncurry
0%
1,728 Clunes
0%
3,990 Cobar
0%
1,839 Cobden
0%
6,014 Cobram
0%
4,256 Cockatoo
0%
71,822 Coffs Harbour
0%
2,428 Cohuna
0%
12,547 Colac
0%
2,164 Coldstream
0%
1,331 Coleambally
0%
1,029 Coleraine
0%
7,192 Collie
0%
1,248 Collinsville
0%
1,618 Colo Vale
0%
5,914 Concord
0%
3,486 Condobolin
0%
1,290 Coolah
0%
2,199 Coolamon
0%
2,633 Cooloola Cove
0%
6,681 Cooma
0%
1,200 Coominya
0%
3,290 Coonabarabran
0%
2,750 Coonamble
0%
1,457 Cooran
0%
5,449 Cooranbong
0%
3,791 Cooroy
0%
6,782 Cootamundra
0%
1,277 Coraki
0%
11,019 Corinda
0%
1,686 Corindi Beach
0%
5,482 Corowa
0%
3,405 Corrimal
0%
1,348 Corryong
0%
1,060 Coutts Crossing
0%
1,902 Cowaramup
0%
1,109 Cowell
0%
4,839 Cowes
0%
10,063 Cowra
0%
1,827 Craignish
0%
1,531 Crescent Head
0%
1,111 Cressy
0%
3,170 Creswick
0%
3,183 Crib Point
0%
2,641 Crookwell
0%
2,160 Crows Nest
0%
1,515 Crystal Brook
0%
2,874 Culburra
0%
1,473 Culcairn
0%
1,522 Cumbalum
0%
2,054 Cundletown
0%
1,140 Cunnamulla
0%
4,117 Curl Curl
0%
1,551 Curlewis
0%
1,920 Curra
0%
9,121 Currumbin
0%
1,937 Dalmeny
0%
1,104 Dampier
0%
29,906 Dandenong
0%
8,372 Darley
0%
1,162 Darlington Point
0%
1,940 Dayboro
0%
2,548 Daylesford
0%
7,862 Deniliquin
0%
1,789 Denman
0%
2,558 Denmark
0%
1,907 Dennington
0%
1,548 Devon Meadows
0%
1,730 Dimboola
0%
1,050 Dimbulah
0%
1,498 Donald
0%
1,380 Dongara
0%
2,824 Donnybrook
0%
1,405 Doomadgee
0%
1,191 Dorrigo
0%
1,362 Douglas Park
0%
1,710 Drayton
0%
5,803 Dromana
0%
11,887 Drouin
0%
1,477 Drummond Cove
0%
4,275 Drysdale
0%
38,392 Dubbo
0%
1,002 Dunbogan
0%
1,221 Dunedoo
0%
2,025 Dungog
0%
5,320 Dunsborough
0%
2,991 Dysart
0%
1,094 Eagle Point
0%
5,571 East Ballina
0%
3,206 East Hills
0%
14,934 Echuca
0%
1,109 Echunga
0%
3,151 Eden
0%
1,204 Eden Park
0%
1,098 Ellalong
0%
1,040 Elliott Heads
0%
14,119 | 5,778 Emerald
0%
2,234 Emerald Beach
0%
2,021 Emu Park
0%
8,421 Emu Plains
0%
4,901 Encounter Bay
0%
1,698 Esk
0%
1,117 Eudlo
0%
1,924 Eumundi
0%
3,275 Euroa
0%
1,345 Evandale
0%
2,847 Evans Head
0%
4,025 Faulconbridge
0%
3,209 Fernvale
0%
1,518 Ferny Creek
0%
2,519 Finley
0%
1,297 Fitzroy Crossing
0%
8,432 Forbes
0%
13,740 Forster
0%
1,842 Foster
0%
1,094 Franklin
0%
36,097 Frankston
0%
1,391 Frederickton
0%
2,214 Freeling
0%
1,973 Freemans Reach
0%
7,459 Fremantle
0%
2,023 Freshwater
0%
1,786 Garfield
0%
7,101 Gatton
0%
26,472 Gawler
0%
1,981 Gayndah
0%
1,302 Geeveston
0%
2,350 Gembrook
0%
4,347 George Town
0%
37,648 Geraldton
0%
3,966 Gerringong
0%
3,126 Gilgandra
0%
1,053 Gin Gin
0%
13,963 Gisborne
0%
33,418 Gladstone
0%
3,576 Glass House Mountains
0%
5,051 Glenbrook
0%
1,308 Glenden
0%
1,877 Gleneagle
0%
4,519 Glenella
0%
1,084 Glengarry
0%
6,155 Glen Innes
0%
1,187 Glenview
0%
2,975 Gloucester
0%
1,523 Gol Gol
0%
1,442 Gooburrum
0%
1,032 Goombungee
0%
6,355 Goondiwindi
0%
12,900 Goonellabah
0%
1,151 Gordon
0%
6,671 Gordonvale
0%
3,499 Gosford
0%
2,120 Gowrie Junction
0%
11,315 Gracemere
0%
19,078 Grafton
0%
5,500 Granville
0%
1,087 Greenock
0%
1,209 Greenwell Point
0%
2,573 Grenfell
0%
2,830 Greta
0%
2,521 Gulgong
0%
1,694 Gulmarrad
0%
1,676 Gundagai
0%
1,146 Gundaroo
0%
9,726 Gunnedah
0%
2,027 Guyra
0%
21,599 Gympie
0%
1,194 Haddon
0%
2,275 Hadspen
0%
2,670 Hahndorf
0%
1,546 Halls Creek
0%
9,974 Hamilton
0%
1,208 Hamilton Island
0%
1,256 Hanwood
0%
2,750 Harvey
0%
1,521 Hatton Vale
0%
1,223 Hawks Nest
0%
2,406 Hay
0%
1,348 Hay Point
0%
7,461 Healesville
0%
2,793 Heathcote
0%
2,047 Heddon Greta
0%
6,383 Helensburgh
0%
1,059 Helidon
0%
1,237 Henty
0%
54,674 Hervey Bay
0%
1,993 Heyfield
0%
1,726 Heywood
0%
8,131 Highfields
0%
1,465 Hillston
0%
2,674 Hill Top
0%
1,398 Hindmarsh
0%
1,715 Holbrook
0%
16,514 Horsham
0%
5,132 Howard Springs
0%
2,777 Howlong
0%
1,136 Hughenden
0%
2,379 Huntly
0%
3,450 Hurstbridge
0%
1,718 Iluka
0%
1,133 Indented Head
0%
4,357 Ingham
0%
2,302 Innes Park
0%
7,236 Innisfail
0%
11,660 Inverell
0%
1,474 Inverleigh
0%
5,437 Inverloch
0%
5,325 Irymple
0%
1,081 Jabiru
0%
1,839 Jacobs Well
0%
1,636 Jamberoo
0%
1,561 Jamestown
0%
1,246 Jandowae
0%
1,192 Jarrahdale
0%
1,476 Jensen
0%
1,029 Jerilderie
0%
13,201 Jimboomba
0%
2,629 Jindabyne
0%
2,222 Jindera
0%
1,091 Julatten
0%
4,922 Junee
0%
3,201 Junortoun
0%
1,761 Jurien Bay
0%
4,587 Kadina
0%
1,093 Kalbar
0%
1,349 Kalbarri
0%
29,849 Kalgoorlie
0%
2,539 Kambalda
0%
1,789 Kambalda West
0%
1,315 Kandos
0%
10,394 Kangaroo Flat
0%
2,917 Kapunda
0%
3,862 Karana Downs
0%
1,411 Karuah
0%
3,687 Katanning
0%
7,964 Katoomba
0%
1,076 Keith
0%
8,968 Kelso
0%
15,309 Kempsey
0%
1,141 Kendall
0%
3,893 Kerang
0%
1,093 Kersbrook
0%
1,089 Kew
0%
7,700 Kiama
0%
5,004 Kiama Downs
0%
1,898 Kilcoy
0%
7,958 Kilmore
0%
10,398 Kingaroy
0%
1,536 Kinglake
0%
1,166 Kinglake West
0%
7,464 Kingscliff
0%
1,790 Kingscote
0%
1,648 Kingston South East
0%
1,617 Kleinton
0%
1,165 Kojonup
0%
1,725 Kooralbyn
0%
2,126 Kootingal
0%
2,055 Koroit
0%
2,488 Korora
0%
4,469 Korumburra
0%
3,008 Kuranda
0%
1,342 Kurrajong Heights
0%
6,044 Kurri Kurri
0%
20,086 Kwinana
0%
7,321 Kyabram
0%
6,951 Kyneton
0%
2,197 Kyogle
0%
3,808 Laidley
0%
1,479 Lake Cargelligo
0%
3,494 Lake Cathie
0%
4,810 Lakes Entrance
0%
3,812 Landsborough
0%
1,585 Lang Lang
0%
1,248 Langwarrin
0%
16,355 Lara
0%
2,394 Launching Place
0%
1,046 Lawrence
0%
2,614 Lawson
0%
8,623 Leeton
0%
4,029 Legana
0%
6,407 Lennox Head
0%
5,119 Leongatha
0%
12,814 Leopold
0%
2,932 Leschenault
0%
8,437 Lesmurdie
0%
1,014 Lethbridge
0%
4,644 Leura
0%
2,947 Lewiston
0%
2,284 Lightning Ridge
0%
28,720 Lismore
0%
2,193 Lismore Heights
0%
12,973 Lithgow
0%
1,503 Little Grove
0%
3,044 Little Hampton
0%
1,322 Little River
0%
2,527 Lobethal
0%
1,061 Lockhart
0%
3,586 Logan Village
0%
1,497 | 3,863 Longford
0%
2,970 Longreach
0%
2,004 Longwarry
0%
1,114 Lorne
0%
1,046 Lower Beechmont
0%
2,127 Lower Chittering
0%
1,832 Lower King
0%
3,336 Lowood
0%
3,838 Loxton
0%
1,254 Lucknow
0%
4,981 Lyndhurst
0%
2,000 Lyndoch
0%
6,663 Lysterfield
0%
1,352 Macclesfield
0%
2,040 Macedon
0%
2,598 Macksville
0%
2,628 Maclean
0%
3,453 Maddingley
0%
5,280 Maffra
0%
1,029 | 78,015 Maitland
0%
1,985 Malanda
0%
1,513 Maldon
0%
3,441 Maleny
0%
1,063 Mallacoota
0%
1,929 Malua Bay
0%
7,837 Mandurah
0%
2,550 Manilla
0%
2,308 Maningrida
0%
4,349 Manjimup
0%
2,644 Mannum
0%
4,787 Mansfield
0%
1,564 Mapleton
0%
3,173 Marcoola
0%
11,079 Mareeba
0%
6,392 Margaret River
0%
3,903 Marian
0%
1,416 Marong
0%
1,178 Marulan
0%
2,823 McCrae
0%
1,121 McLaren Flat
0%
3,096 McLaren Vale
0%
5,025 McMinns Lagoon
0%
1,369 Meadows
0%
8,069 Melton
0%
1,150 Menangle
0%
1,118 Meningie
0%
2,713 Merbein
0%
3,544 Merimbula
0%
2,211 Meringandan
0%
2,850 Merredin
0%
7,071 Merrimac
0%
1,761 Merriwa
0%
1,449 Metung
0%
1,914 Middlemount
0%
1,156 Middleton
0%
2,084 Mid Sapphire Beach
0%
1,746 Miles
0%
1,006 Millfield
0%
1,653 Millgrove
0%
4,734 Millicent
0%
1,563 Millmerran
0%
1,253 Millthorpe
0%
1,663 Milton
0%
1,093 Minden
0%
3,095 Miners Rest
0%
1,099 Minlaton
0%
1,541 Mirani
0%
2,197 Mirboo North
0%
1,031 Mitchell
0%
8,999 Mittagong
0%
4,198 Moama
0%
8,778 Moe
0%
1,083 Mollymook
0%
2,577 Molong
0%
1,124 Monash
0%
1,189 Monto
0%
3,321 Mooloolah
0%
1,126 Moonbi
0%
1,933 Moonee Beach
0%
1,773 Moora
0%
2,368 Moore
0%
2,650 Moore Park
0%
1,098 Moorooduc
0%
7,942 Mooroopna
0%
8,735 Moranbah
0%
9,311 Moree
0%
2,857 Morisset
0%
1,372 Mortlake
0%
3,982 Moruya
0%
14,026 Morwell
0%
1,937 Mossman
0%
8,579 Moss Vale
0%
2,203 Mount Clear
0%
1,731 Mount Compass
0%
6,835 Mount Cotton
0%
1,832 Mount Crosby
0%
1,251 Mount Dandenong
0%
17,888 Mount Eliza
0%
9,702 Mount Evelyn
0%
4,655 Mount Low
0%
1,335 Mount Macedon
0%
1,963 Mount Morgan
0%
1,020 Mount Pleasant
0%
1,899 Moura
0%
10,923 Mudgee
0%
1,042 Mulambin
0%
3,172 Mullumbimby
0%
1,904 Mulwala
0%
1,232 Mundijong
0%
1,261 Mundubbera
0%
2,378 Murgon
0%
18,779 Murray Bridge
0%
3,219 Murrumbateman
0%
2,030 Murrumburrah
0%
1,038 Murrurundi
0%
7,032 Murwillumbah
0%
12,364 Muswellbrook
0%
1,097 Mylor
0%
3,193 Myrtleford
0%
1,886 Nagambie
0%
4,842 Nairne
0%
11,187 Nambour
0%
6,327 Nambucca Heads
0%
1,055 Nana Glen
0%
3,599 Nanango
0%
5,960 Naracoorte
0%
18,573 Narangba
0%
1,012 Nar Nar Goon
0%
7,606 Narrabri
0%
4,375 Narrandera
0%
7,674 Narre Warren North
0%
4,274 Narrogin
0%
4,689 Narromine
0%
1,880 Nathalia
0%
1,305 Neerim South
0%
1,196 Nelly Bay
0%
16,864 Nerang
0%
4,567 Newman
0%
1,872 Nhill
0%
3,240 Nhulunbuy
0%
1,095 Nicholson
0%
2,000 Nimbin
0%
4,675 Ningi
0%
1,016 Nome
0%
1,210 Normanton
0%
1,670 North Haven
0%
5,933 North Mackay
0%
7,506 North Tamborine
0%
2,806 North Wonthaggi
0%
37,420 Nowra
0%
1,701 Nullagine
0%
4,477 Numurkah
0%
6,314 Nuriootpa
0%
2,159 Nyngan
0%
1,527 Nyora
0%
1,843 Oakdale
0%
4,705 Oakey
0%
1,444 Oakhurst
0%
1,157 Oatlands
0%
3,256 Oberon
0%
5,137 Ocean Shores
0%
4,389 Old Bar
0%
1,738 Olinda
0%
2,077 One Mile
0%
40,493 Orange
0%
2,014 Orbost
0%
1,191 Ouyen
0%
4,231 Oxford Park
0%
46,421 Pakenham
0%
2,455 Palm Island
0%
5,676 Palmwoods
0%
1,062 Panton Hill
0%
1,380 Paraburdoo
0%
1,105 Paringa
0%
11,408 Parkes
0%
1,762 Park Ridge
0%
1,093 Parsons Point
0%
3,480 Paynesville
0%
1,106 Peak Hill
0%
3,821 Pearcedale
0%
1,312 Penola
0%
13,295 Penrith
0%
3,791 Peregian Beach
0%
4,816 Picton
0%
1,667 Pine Mountain
0%
4,910 Pinjarra
0%
3,294 Pittsworth
0%
1,596 Plainland
0%
2,684 Point Lonsdale
0%
5,699 Point Vernon
0%
2,910 Pomona
0%
3,619 Portarlington
0%
13,799 Port Augusta
0%
1,034 Port Broughton
0%
1,410 Port Denison
0%
2,102 Port Elliot
0%
3,340 Port Fairy
0%
2,280 Port Keats
0%
16,326 Port Lincoln
0%
2,344 Port Moonta
0%
14,188 Port Pirie
0%
2,022 Port Sorell
0%
6,704 Pottsville
0%
3,562 Proserpine
0%
1,078 Puckapunyal
0%
27,080 Quakers Hill
0%
36,348 Queanbeyan
0%
1,315 Queenscliff
0%
1,336 Quindalup
0%
3,444 Quirindi
0%
1,131 Quorn
0%
1,199 Raglan
0%
1,249 Rainbow Beach
0%
1,268 Ranelagh
0%
4,456 Rasmussen
0%
1,400 Ravenshoe
0%
2,176 Ravenswood
0%
1,788 Raworth
0%
12,820 Raymond Terrace
0%
1,834 Redbank
0%
5,060 Red Cliffs
0%
4,634 Renmark
0%
1,301 Renmark West
0%
3,753 Riddell
0%
1,405 Ripley
0%
1,539 River Heads
0%
1,036 Riverton
0%
3,073 Riverview
0%
1,090 Robe
0%
1,865 Robertson
0%
3,088 Robinvale
0%
15,317 Rochedale
0%
3,113 Rochester
0%
1,536 Rockbank
0%
6,848 Roma
0%
4,412 Romsey
0%
1,654 Rosedale
0%
2,834 Rosewood
0%
4,500 Roxby Downs
0%
1,335 Rushworth
0%
11,884 Rutherford
0%
2,378 Rutherglen
0%
8,416 Rye
0%
2,193 Saint Arnaud
0%
3,048 Saint George
0%
2,913 Saint Georges Basin
0%
2,480 Saint Leonards
0%
4,815 Salamander Bay
0%
10,931 Samford
0%
7,225 Sanctuary Point
0%
3,959 Sandstone Point
0%
2,287 Sandy Beach
0%
1,254 San Remo
0%
5,522 Sarina
0%
1,061 Sassafras Gully
0%
3,682 Sawtell
0%
3,519 Scarness
0%
5,624 Scone
0%
2,373 Scottsdale
0%
1,265 Serpentine
0%
1,286 Seven Mile Beach
0%
6,327 Seymour
0%
1,316 Sharon
0%
51,631 Shepparton
0%
3,059 Shoalhaven Heads
0%
1,246 Silvan
0%
3,682 Silverdale
0%
16,346 Singleton
0%
5,303 Smithfield Heights
0%
1,235 Smiths Lake
0%
1,032 Smythesdale
0%
1,667 Somers
0%
3,903 Somerset
0%
11,336 Somerville
0%
1,592 Sorrento
0%
6,068 South Grafton
0%
1,114 South Murwillumbah
0%
4,603 South West Rocks
0%
1,669 Spreyton
0%
1,103 Springsure
0%
8,475 Springwood
0%
5,406 Stanthorpe
0%
6,032 Stawell
0%
2,673 Stirling North
0%
2,617 Stratford
0%
6,504 Strathalbyn
0%
4,767 Strathfield
0%
1,378 Streaky Bay
0%
3,750 Suffolk Park
0%
36,084 Sunbury
0%
1,371 Surfside
0%
3,575 Sussex Inlet
0%
1,660 Sutton
0%
11,103 Swan Hill
0%
1,425 Table Top
0%
5,067 Tahmoor
0%
1,665 Tailem Bend
0%
1,082 Tallangatta
0%
3,667 Tallebudgera
0%
3,950 Tambourine
0%
5,145 Tannum Sands
0%
4,588 Tanunda
0%
2,297 Tara
0%
26,381 Taree
0%
1,675 Tathra
0%
4,448 Tatura
0%
2,884 Tea Gardens
0%
1,721 Teesdale
0%
4,693 Temora
0%
4,066 Tenterfield
0%
2,288 Terang
0%
2,926 Terranora
0%
4,006 The Entrance
0%
2,525 The Oaks
0%
1,010 The Palms
0%
4,046 Thirlmere
0%
2,610 Thursday Island
0%
1,129 Tieri
0%
1,202 Timboon
0%
2,242 Tin Can Bay
0%
1,092 Tinonee
0%
1,527 Tocumwal
0%
2,718 Tolga
0%
1,001 Tomakin
0%
1,065 Tomerong
0%
3,005 Tom Price
0%
1,926 Tongala
0%
1,408 Toodyay
0%
1,279 Toogoolawah
0%
2,178 Toogoom
0%
1,568 Tooradin
0%
13,258 Torquay
0%
3,912 Trafalgar
0%
25,485 Traralgon
0%
1,180 Trentham
0%
2,390 Tully
0%
1,862 Tumbarumba
0%
1,474 Tumby Bay
0%
6,230 Tumut
0%
6,186 Tuncurry
0%
3,158 Tura Beach
0%
2,241 Tuross Head
0%
8,176 Tweed Heads
0%
2,990 Two Rocks
0%
1,926 Two Wells
0%
3,338 Tyabb
0%
15,278 Ulladulla
0%
14,109 Ulverstone
0%
2,743 Uralla
0%
6,969 Urraween
0%
3,000 Urunga
0%
1,313 Valla Beach
0%
1,211 Valley Heights
0%
2,479 Vasse
0%
4,233 Victor Harbor
0%
3,290 Vincentia
0%
56,442 Wagga Wagga
0%
1,824 Wagin
0%
1,098 Wahgunyah
0%
1,998 Wahroonga
0%
2,684 Waikerie
0%
2,553 Walcha
0%
2,145 Walgett
0%
3,403 Walkerston
0%
8,520 Wallan
0%
3,988 Wallaroo
0%
1,980 Wallerawang
0%
1,364 Wallington
0%
1,548 Walloon
0%
19,318 Wangaratta
0%
2,012 Warburton
0%
1,590 Warialda
0%
2,934 Waroona
0%
2,340 Warracknabeal
0%
1,241 Warragamba
0%
14,276 Warragul
0%
1,389 Warren
0%
15,380 Warwick
0%
6,431 Waterford
0%
1,325 Waterview Heights
0%
1,961 Wattleglen
0%
6,312 Wauchope
0%
2,080 Wee Waa
0%
3,899 Weipa
0%
1,437 Wentworth
0%
6,076 Wentworth Falls
0%
6,197 Wentworthville
0%
1,572 Werris Creek
0%
1,019 Wesburn
0%
3,885 Westbrook
0%
2,006 Westbury
0%
3,693 Weston
0%
5,342 West Tamworth
0%
3,141 West Wyalong
0%
5,611 Whittlesea
0%
21,742 Whyalla
0%
2,295 Wickham
0%
3,007 Wilberforce
0%
2,755 Williamstown
0%
3,080 Wilton
0%
1,954 Winchelsea
0%
1,891 Windsor
0%
5,374 Wingham
0%
1,844 Withcott
0%
1,201 Witta
0%
35,130 Wodonga
0%
9,060 Wollert
0%
2,828 Wollongbar
0%
1,973 Wondai
0%
1,245 Wongaling Beach
0%
3,796 Wonga Park
0%
4,965 Wonthaggi
0%
5,806 Woodend
0%
3,458 Woodford
0%
2,608 Woodside
0%
5,290 Woolgoolga
0%
3,246 Woombye
0%
1,829 Woorim
0%
2,913 Woori Yallock
0%
2,642 Wooroloo
0%
5,068 Worragee
0%
1,352 Wundowie
0%
1,112 Wurruk
0%
4,326 Wyong
0%
1,834 Wyreema
0%
1,657 Wy Yung
0%
1,811 Yackandandah
0%
1,029 Yallingup
0%
1,545 Yallourn North
0%
6,076 Yamba
0%
8,868 Yanchep
0%
2,221 Yandina
0%
1,623 Yaroomba
0%
2,559 Yarrabah Aboriginal Community
0%
2,869 Yarra Glen
0%
1,650 Yarragon
0%
2,549 Yarra Junction
0%
2,135 Yarram
0%
1,064 Yarraman
0%
7,930 Yarrawonga
0%
6,506 Yass
0%
1,587 Yea
0%
1,029 Yellow Rock
0%
1,537 Yenda
0%
19,003 Yeppoon
0%
1,164 Yerrinbool
0%
10,295 Young
0%
3,114 Yunderup
0%
1,106 Yungaburra
0%
Aucun quiz correspondant
Distribution des résultats
% des personnes avec chaque résultat
Percentile par nombre de réponses
Votre historique - résultats
Vous n’avez pas pris ce quiz